How Fletcher was hatched! / (Record no. 306335)
[ view plain ]
| 000 -LEADER | |
|---|---|
| fixed length control field | 00846nam a2200313Ia 4500 |
| 008 - FIXED-LENGTH DATA ELEMENTS--GENERAL INFORMATION | |
| fixed length control field | 170203s9999 xx 000 0 und d |
| 050 ## - LIBRARY OF CONGRESS CALL NUMBER | |
| Classification number | Fic |
| 050 ## - LIBRARY OF CONGRESS CALL NUMBER | |
| Item number | D479h |
| 100 ## - MAIN ENTRY--PERSONAL NAME | |
| Personal name | Devlin, Wende. |
| 245 ## - TITLE STATEMENT | |
| Title | How Fletcher was hatched! / |
| 245 ## - TITLE STATEMENT | |
| Statement of responsibility, etc | by Wende and Harry Devlin. |
| 260 ## - PUBLICATION, DISTRIBUTION, ETC. (IMPRINT) | |
| Place of publication, distribution, etc | New York : |
| 260 ## - PUBLICATION, DISTRIBUTION, ETC. (IMPRINT) | |
| Name of publisher, distributor, etc | Parents' Magazine Press, |
| 260 ## - PUBLICATION, DISTRIBUTION, ETC. (IMPRINT) | |
| Date of publication, distribution, etc | ©1969. |
| 300 ## - PHYSICAL DESCRIPTION | |
| Extent | [39] pages : |
| 300 ## - PHYSICAL DESCRIPTION | |
| Other physical details | color illustrations ; |
| 300 ## - PHYSICAL DESCRIPTION | |
| Dimensions | 26 cm |
| 500 ## - GENERAL NOTE | |
| General note | "Illustration signed by Harry Devlin"--Page [38]. |
| 650 ## - SUBJECT ADDED ENTRY--TOPICAL TERM | |
| Topical term or geographic name as entry element | Animals -- |
| 650 ## - SUBJECT ADDED ENTRY--TOPICAL TERM | |
| Topical term or geographic name as entry element | Dogs -- |
| 650 ## - SUBJECT ADDED ENTRY--TOPICAL TERM | |
| Topical term or geographic name as entry element | Friendship -- |
| 650 ## - SUBJECT ADDED ENTRY--TOPICAL TERM | |
| Topical term or geographic name as entry element | Human-animal relationships -- |
| 650 ## - SUBJECT ADDED ENTRY--TOPICAL TERM | |
| Topical term or geographic name as entry element | Wit and humor, |
| 650 ## - SUBJECT ADDED ENTRY--TOPICAL TERM | |
| General subdivision | Juvenile fiction. |
| 650 ## - SUBJECT ADDED ENTRY--TOPICAL TERM | |
| General subdivision | Juvenile fiction. |
| 650 ## - SUBJECT ADDED ENTRY--TOPICAL TERM | |
| General subdivision | Juvenile fiction. |
| 650 ## - SUBJECT ADDED ENTRY--TOPICAL TERM | |
| General subdivision | Juvenile fiction. |
| 650 ## - SUBJECT ADDED ENTRY--TOPICAL TERM | |
| General subdivision | Juvenile. |
| Withdrawn status | Lost status | Damaged status | Home library | Current library | Shelving location | Date acquired | Total Checkouts | Full call number | Barcode | Date last seen | Price effective from | Koha item type |
|---|---|---|---|---|---|---|---|---|---|---|---|---|
| Stonyhurst Southville International School (Batangas) | Stonyhurst Southville International School (Batangas) | 02/03/2017 | Fic .D479h 1969 | LS-3599 | 02/03/2017 | 02/03/2017 | Books |